Statistics for Country Flags By Color: Red, White, & Blue

Click here to take the quiz!

General Stats

  • This quiz has been taken 208 times
  • The average score is 16 of 30

Answer Stats

Hint Answer % Correct
France
93%
United States
90%
Netherlands
85%
United Kingdom
84%
Russia
80%
Australia
76%
New Zealand
73%
Norway
63%
Luxembourg
61%
Iceland
57%
*Slovenia
56%
Slovakia
56%
Thailand
52%
Panama
51%
*Croatia
49%
*Serbia
49%
Chile
48%
Cuba
48%
Czech Republic
47%
*Costa Rica
47%
**Fiji
42%
North Korea
41%
LIberia
41%
Laos
41%
*Dominican Republic
38%
*Paraguay
35%
Cambodia
34%
Taiwan
31%
Samoa
30%
Nepal
20%

Score Distribution

Percentile by Number Answered

Percent of People with Each Score

Your Score History

You have not taken this quiz